Đánh giá chất lượng nước mặt tại rạch Cấi Sâu-khu đô thị Phú An quận Cái Răng-Thành Phố Cần Thơ : Luận văn tốt nghiệp đại học

Nội dung đánh giá chất lượng nươc mặt tại khu vực, đánh giá ý thức quản lý chất thải sinh hoạt và bảo vệ nguồn nước, đề xuất biện pháp khắc phục tình trạng ô nhiễm.

Shranjeno v:
Bibliografske podrobnosti
Glavni avtor: Hồng, Cẩm Ngân
Format: Knjiga
Jezik:Undetermined
Izdano: Cần Thơ Trường đại Học Cần Thơ 2007
Teme:
Oznake: Označite
Brez oznak, prvi označite!
Thư viện lưu trữ: Trung tâm Học liệu Trường Đại học Cần Thơ
LEADER 01112nam a2200205Ia 4500
001 CTU_143125
008 210402s9999 xx 000 0 und d
082 |a 333.9115 
082 |b Ng121 
100 |a Hồng, Cẩm Ngân 
245 0 |a Đánh giá chất lượng nước mặt tại rạch Cấi Sâu-khu đô thị Phú An quận Cái Răng-Thành Phố Cần Thơ : 
245 0 |b Luận văn tốt nghiệp đại học 
245 0 |c Hồng Cẩm Vân ; Bùi Thị Nga, Phạm Việt Nữ 
260 |a Cần Thơ 
260 |b Trường đại Học Cần Thơ 
260 |c 2007 
520 |a Nội dung đánh giá chất lượng nươc mặt tại khu vực, đánh giá ý thức quản lý chất thải sinh hoạt và bảo vệ nguồn nước, đề xuất biện pháp khắc phục tình trạng ô nhiễm. 
650 |a Environmental quality management,Chất lượng nước môi trường 
904 |i Tuyến 
980 |a Trung tâm Học liệu Trường Đại học Cần Thơ